| 000 | 00407pab a2200145 454500 | ||
|---|---|---|---|
| 008 | 180718b1990 xxu||||| |||| 00| 0 eng d | ||
| 100 | _aBoone, Catherine | ||
| 245 |
_aThe making of a rentier class _bWealth accumulation and political control in Senegal |
||
| 260 | _c1990 | ||
| 300 | _a425-49 | ||
| 362 | _aApr. | ||
| 650 | _aCapitalism - Africa | ||
| 773 | _aJournal of Development Studies | ||
| 909 | _a5572 | ||
| 999 |
_c5572 _d5572 |
||